[Event "Imperia op 25th"]
[White "Gonzaga, Silvio"]
[Black "Cirabisi, Federico"]
[Site "Imperia"]
[Round "8"]
[Result "1/2-1/2"]
[Date "1983.09.10"]
[WhiteElo "2017"]
[BlackElo "1979"]
[PlyCount "30"]
[EventDate "1983.09.03"]
[EventType "swiss"]
[EventRounds "9"]
[EventCountry "ITA"]
[SourceTitle "EXT 2023"]
[Source "ChessBase"]
[SourceDate "2022.10.05"]
[SourceVersion "1"]
[SourceVersionDate "2022.10.05"]
[SourceQuality "1"]

1. e4 Nf6 2. Nc3 d5 3. exd5 Nxd5 4. Nf3 Bg4 5. d4 e6 6. Nxd5 exd5 7. Be2 Bxf3 8. Bxf3 Be7 9. 0-0 c6 10. Re1 0-0 11. Bf4 Bd6 12. Qd2 Qc7 13. Bxd6 Qxd6 14. Re2 Na6 15. Rae1 Nc7 1/2-1/2

[Event "Imperia op 25th"]
[White "Gonzaga, Silvio"]
[Black "Marte, Ernst"]
[Site "Imperia"]
[Round "6"]
[Result "0-1"]
[Date "1983.09.08"]
[WhiteElo "2017"]
[BlackElo "2000"]
[PlyCount "84"]
[EventDate "1983.09.03"]
[EventType "swiss"]
[EventRounds "9"]
[EventCountry "ITA"]
[SourceTitle "EXT 2023"]
[Source "ChessBase"]
[SourceDate "2022.10.05"]
[SourceVersion "1"]
[SourceVersionDate "2022.10.05"]
[SourceQuality "1"]

1. e4 e6 2. d4 d5 3. Nd2 c5 4. exd5 Qxd5 5. Ngf3 cxd4 6. Bc4 Qd8 7. 0-0 Nc6 8. Nb3 d3 9. Bxd3 Nf6 10. c3 Bd6 11. Re1 Qc7 12. h3 Bd7 13. Nfd4 Nxd4 14. Nxd4 0-0-0 15. Qf3 h6 16. a4 Bc6 17. Nxc6 Qxc6 18. Qxc6+ bxc6 19. Be3 Kb7 20. Be2 Nd5 21. Bc1 Bf4 22. b4 Bxc1 23. Rexc1 Nf4 24. Bf1 Rd2 25. Re1 Rhd8 26. g3 Nd5 27. Rec1 Kc7 28. Rab1 Nf6 29. Bg2 Ra2 30. Ra1 Rxa1 31. Rxa1 Rd3 32. c4 Rc3 33. Bf1 Ne4 34. Rd1 Ra3 35. Rd4 f5 36. a5 c5 37. bxc5 Nxc5 38. Rd1 Rxa5 39. Rb1 a6 40. Be2 Ra2 41. Bh5 Rc2 42. Ra1 Kd6 0-1

[Event "Imperia op 25th"]
[White "Franco Ocampos, Zenon"]
[Black "Gonzaga, Silvio"]
[Site "Imperia"]
[Round "5"]
[Result "1-0"]
[Date "1983.09.07"]
[WhiteElo "2495"]
[BlackElo "2017"]
[PlyCount "69"]
[EventDate "1983.09.03"]
[EventType "swiss"]
[EventRounds "9"]
[EventCountry "ITA"]
[SourceTitle "EXT 2023"]
[Source "ChessBase"]
[SourceDate "2022.10.05"]
[SourceVersion "1"]
[SourceVersionDate "2022.10.05"]
[SourceQuality "1"]

1. d4 Nf6 2. c4 e6 3. Nf3 Bb4+ 4. Nbd2 0-0 5. e3 b6 6. a3 Bxd2+ 7. Qxd2 Ne4 8. Qc2 Bb7 9. Bd3 f5 10. 0-0 a5 11. Nd2 Qh4 12. f3 Nxd2 13. Bxd2 Nc6 14. Bc3 Ne7 15. b3 Rf6 16. Be1 Qh5 17. Bg3 d6 18. b4 g5 19. f4 b5 20. cxb5 Nd5 21. Qd2 gxf4 22. exf4 a4 23. Rac1 Kh8 24. Be2 Qf7 25. Bf3 Rg8 26. Rfe1 Qg7 27. Re2 Rg6 28. Bh4 Nxf4 29. Qxf4 e5 30. dxe5 dxe5 31. Qxf5 Rf8 32. Qxe5 Qxe5 33. Rxe5 Bxf3 34. Bg3 Ba8 35. Rxc7 1-0

[Event "Imperia op 25th"]
[White "Gonzaga, Silvio"]
[Black "Tonna, Guido"]
[Site "Imperia"]
[Round "1.10"]
[Result "1/2-1/2"]
[Date "1983.09.03"]
[WhiteElo "2017"]
[BlackElo "2014"]
[PlyCount "81"]
[EventDate "1983.09.03"]
[EventType "swiss"]
[EventRounds "9"]
[EventCountry "ITA"]
[SourceTitle "EXT 2023"]
[Source "ChessBase"]
[SourceDate "2022.10.05"]
[SourceVersion "1"]
[SourceVersionDate "2022.10.05"]
[SourceQuality "1"]

1. e4 c5 2. Nc3 Nc6 3. g3 g6 4. Nge2 Bg7 5. Bg2 e6 6. d3 Nge7 7. Be3 Nd4 8. 0-0 0-0 9. Qd2 a6 10. Rae1 Rb8 11. f4 d6 12. Nc1 b5 13. Nd1 b4 14. c3 bxc3 15. bxc3 Ndc6 16. Ne2 Qa5 17. g4 f5 18. gxf5 exf5 19. Ng3 Bd7 20. exf5 Nxf5 21. Nxf5 Rxf5 22. Be4 Rff8 23. f5 Ne5 24. d4 cxd4 25. Bxd4 Bxf5 26. Bxf5 Rxf5 27. Rxf5 gxf5 28. Rf1 Rf8 29. Qe2 f4 30. Nf2 f3 31. Qe3 Qxa2 32. Kh1 Qe2 33. Qxe2 fxe2 34. Re1 Nf3 35. Rxe2 Nxd4 36. cxd4 Bxd4 37. Ne4 Be5 38. Rd2 Rd8 39. Nc5 Ra8 40. Nb7 a5 41. Nxd6 1/2-1/2